| 000 | 00595pam a2200193 a 4500 | ||
|---|---|---|---|
| 999 |
_c580 _d580 |
||
| 003 | OSt | ||
| 005 | 20230706143406.0 | ||
| 008 | 811228s1982 nyua 001 0 eng | ||
| 020 | _a0070096635 : | ||
| 082 | 0 | 0 |
_a721.02 _bCAL |
| 245 | 0 | 0 |
_aTime-saver standards for architectural design data / _cJohn Hancock Callender, editor-in-chief. |
| 250 | _a6th ed. | ||
| 260 |
_aNew York : _bMcGraw-Hill, _cc1982. |
||
| 300 |
_a1177 p. in various pagings : _bill. ; _c29 cm. |
||
| 500 | _aIncludes index. | ||
| 650 | 0 |
_aBuilding _xHandbooks, manuals, etc. |
|
| 700 | 1 | _aCallender, John Hancock. | |
| 942 | _2ddc | ||